zpět

Detail výsledku týmu

D9vítka, Šumperk

Datum a čas kvízu

26.5 Celkem bodů Celkový počet nahraných bodů na tomto kvízu bez doplňovacích otázek.
8. Pořadí na kvízu Konečné umístění týmu na tomto kvízu.

Zaznamenané odpovědi

# Otázka Odpověď Body Výsledky
1. Jak se nazývá státní vyznamená... Řád Tomáše Garrigua Masaryka (1. třídy) 0
2. Po ulicích jednoho středoslove... Liptovský Mikuláš 1
3. Jak se nazývá soutěžní reality... Peče celá země 1
4. Některé provozovny jistého řet... McDonald's 1
5. Ke kuriózní situaci došlo v zá... Arsenal, Chelsea 0.5
6. Téma začneme v Evropě. Seřaďte... 1C 2D 3B 4A 1
7. Vůdcem Kuby byl několik deseti... Raúl 1
8. Jak se jmenuje tento živočich... fosa 1
9. Celkově kolikátou nejlidnatějš... 4. nejlidnatější 0
10. Jak se jmenuje ostrovní stát,... Maledivy 1